Current WWE/NXT Champions - Statistics

General Stats
  • This quiz has been taken 710 times
    699 since last reset
  • The average score is 7 of 15
Answer Stats
Championship Wrestler % Correct
WWE Universal Championship Kevin Owens
81%
WWE United States Championship Roman Reigns
73%
WWE World Championship A.J Styles
72%
WWE Smackdown Women's Championship Becky Lynch
61%
WWE Intercontinental Championship The Miz
60%
WWE RAW Women's Championship Charlotte
48%
WWE RAW Tag Team Championship Kofi Kingston
48%
WWE RAW Tag Team Championship Big E
47%
WWE NXT Women's Championship Asuka
45%
WWE NXT Championship Samoa Joe
40%
WWE Smackdown Tag Team Championship Heath Slater
38%
WWE Smackdown Tag Team Championship Rhyno
37%
WWE NXT Tag Team Championship Johnny Gargano
28%
WWE NXT Tag Team Championship Tommaso Ciampa
26%
WWE Cruiserweight Championship Rich Swann
24%
No matching quizzes found
Score Distribution
Percent of People with Each Score
Percentile by Number Answered
Your Score History
You have not taken this quiz since the last reset